Iglesia Católica y comunismo ateo
Αποθηκεύτηκε σε:
| Κύριος συγγραφέας: | |
|---|---|
| Μορφή: | Βιβλίο |
| Γλώσσα: | Ισπανικά |
| Έκδοση: |
Madrid
Rialp
1961
|
| Σειρά: | Colección Patmos. Libros de Espiritualidad, 103
|
| Θέματα: | |
| Ετικέτες: |
Προσθήκη ετικέτας
Δεν υπάρχουν, Καταχωρήστε ετικέτα πρώτοι!
|
MARC
| LEADER | 00000nam a2200000 a 4500 | ||
|---|---|---|---|
| 001 | UCL3032 | ||
| 003 | CL-VaPUC | ||
| 008 | 031114e19610000SP |||||||||||||||||spa|d | ||
| 082 | 0 | 4 | |a 261.7 |b GUE |2 21 |
| 100 | |a Guerry, Emile Maurice |e author |9 480254 | ||
| 245 | 1 | 0 | |a Iglesia Católica y comunismo ateo |
| 300 | |a 316 p | ||
| 942 | |c BK | ||
| 945 | |d 20031114 00:00:00 |a vberengu | ||
| 260 | |a Madrid |b Rialp |c 1961 | ||
| 650 | 7 | |a COMUNISMO Y CRISTIANISMO |2 CL-VaPUC |9 321456 | |
| 650 | 0 | |a Iglesia católica y problemas sociales |9 255796 | |
| 583 | |a last modification |c 20031114 00:00:00 |k Rodrigo Vera | ||
| 490 | 0 | |a Colección Patmos. Libros de Espiritualidad, 103 | |
| 999 | |c 306168 |d 306166 | ||
| 952 | |0 0 |1 0 |4 0 |6 261_700000000000000_GUE_1961 |7 0 |8 A |9 370951 |a BIBTEO |b BIBTEO |d 2019-11-21 |i 209200K |o 261.7 GUE 1961 |p 209200K |r 2025-01-17 |w 2019-11-21 |y BK |k ICR | ||
| 952 | |0 0 |1 0 |4 0 |6 261_700000000000000_GUE_1961 |7 0 |8 A |9 370952 |a BIBTEO |b BIBTEO |d 2019-11-21 |i 2092018 |o 261.7 GUE 1961 |p 2092018 |r 2025-01-17 |w 2019-11-21 |y BK |k ICR | ||